[Event "Candidates sf"]
[Site "Elista"]
[Date "2007.05.29"]
[Round "1.3"]
[White "Kamsky, Gata"]
[Black "Bacrot, Etienne"]
[Result "1-0"]
[WhiteElo "2705"]
[BlackElo "2709"]
[Annotator "Marin,M"]
[PlyCount "71"]
[EventDate "2007.05.27"]
[EventType "k.o."]
[EventRounds "12"]
[EventCountry "RUS"]
[SourceTitle "CBM 119"]
[Source "ChessBase"]
[SourceDate "2007.08.01"]
[SourceVersion "1"]
[SourceVersionDate "2007.08.01"]
[SourceQuality "1"]

1. e4 e5 2. Nf3 Nc6 3. Bb5 a6 4. Ba4 Nf6 5. O-O Be7 6. Re1 b5 7. Bb3 O-O 8. h3
Bb7 {Of course, it is not Kamsky's style to embark on long theoretical
discussions in the Marshall Attack. However, the Anti-Marshall systems are
quite topical, too. Which method of avoiding the well-trodden paths could he
have had in mind when playing 1.e4 against a generally well-prepared opponent?.
..} 9. c3 $5 {Everything is as good as new if it is well-forgotten! This move
does not enjoy a good reputation, as a consequence of rather old games.} d5 10.
exd5 Nxd5 11. d3 {White prepares the development of his queenside, hoping that
the relative weakness of the e5-pawn will tell in the long run.} ({Of course,
capturing the pawn immediately with} 11. Nxe5 $6 Nxe5 12. Rxe5 {would lead to
a dream position for an adherent of the Marshall Attack after} Nf4 $40) 11...
Qd6 ({The other reasonable way of defending the e5-pawn was tried shortly
after our main game was played:} 11... Bf6 {This move avoids exposing the
queen, but the bishop does not stand too well on f6 either.} 12. a4 ({A more
ambitious continuation could be} 12. Nbd2 $5 {threatening Ne4, when Black has
nothing better than} Nf4 13. Ne4 Nxd3 14. Nxf6+ gxf6 15. Re2 $44) 12... b4 13.
a5 Rb8 $32 14. d4 $5 exd4 15. cxd4 Ba8 16. Bc4 $132 {Aagaard,J (2477)
-Giorgadze,G (2610)/Torrelavega 2007 (1/2-1/2, 60)}) ({It is curious that
prior to that Giorgadze proved that defending the pawn is not absolutely
necessary:} 11... Qd7 $5 12. Nxe5 Nxe5 13. Rxe5 Rad8 (13... Bf6 $5 14. Re1 Rfe8
15. Be3 $6 c5 16. d4 $2 cxd4 17. cxd4 Nxe3 18. fxe3 Rxe3 $1 $17 {Romantchouk,J
(2275)-Mitkov,M (2325)/Paris 1993/TD (0-1, 21)}) 14. Qg4 (14. d4 Bf6 15. Re1 c5
16. dxc5 Qc6 $36 {Giorgadze}) 14... f5 15. Qh5 (15. Qf3 c5 $1 $36 {Giorgadze})
15... Bf6 16. Re1 (16. Rxf5 g6 17. Rxd5 Bxd5 18. Qxd5+ Qxd5 19. Bxd5+ Rxd5 20.
d4 c5 $17 {Giorgadze}) 16... Kh8 $44 {Zagrebelny,S (2480)-Giorgadze,G (2580)/
Yerevan 1996/EXT 97 (0-1, 25)}) 12. Nbd2 ({The first game where the system
based on 9.c3 and 11.d3 continued with} 12. d4 $6 exd4 13. Nbd2 $5 Nf6 (13...
dxc3 $2 14. Ne4 $18) 14. cxd4 {Fuentes,J-Keres,P/Madrid 1943/HCL (0-1, 29)}
Rad8 $15) 12... Rad8 ({Now,} 12... Nf4 $2 {is completely unplayable because of}
13. Ne4 Qxd3 $2 14. Bxf4 Qxd1 15. Raxd1 exf4 16. Rd7 Rac8 17. Neg5 $16) 13. Ne4
Qd7 $146 ({This queen retreat might look like a loss of a tempo, but after the
previously played} 13... Qg6 {the queen might be exposed in certain cases.} 14.
Ng3 ({This voluntary knight retreat, attacking the e5-pawn, looks a bit
premature, but it is not easy to suggest an improvement for White. If} 14. a4 {
, hoping for 14...f5 when 15.axb5 axb5 16.Ng3 would leave the e5-pawn weak,
then} b4 $1 15. Bd2 Bc8 $5 {and the white kingside is under some pressure. One
of the main problems is that, having had to defend the c3-pawn with Bd2, White
cannot play Ng3 because the d3-pawn would be hanging.}) 14... Bc5 $2 {It is
hard to refrain from creating the threat ...Qxg3.} (14... h6 $5 {[%csl Yg6]}
15. Nxe5 $6 Nxe5 16. Rxe5 Bd6 17. Bxd5 Bxe5 18. Bxb7 Bxg3 $15 19. fxg3 Qb6+ $1
$17) 15. d4 $1 {The complications initiated by this move will eventually lead
to an equal position, but Black should consider himself very lucky.} exd4 16.
cxd4 $2 ({The future World Champion missed the incredible tactical resource} 
16. Nh4 $3 {, trapping the queen:} Qf6 17. Ne4 Qxh4 18. Bg5 $18) 16... Ndb4 17.
Be3 Nxd4 18. Nxd4 Bxd4 19. Bxd4 c5 20. Bxc5 $1 Rxd1 21. Raxd1 Nd3 22. Bxf8 Nxe1
23. Rd8 {Things seem to have gone extremely wrong for Black, but he had
prepared a nice defensive - counterattacking resource:} h5 $3 {Fischer,R-Szabo,
L/Portoroz 1958/IZT/(1/2-1/2, 33). Not only opening an escape for the king,
but creating the threat of ...h4 as an answer to the capture of the e1-knight
with Bb4+ and Bxe1.}) 14. a4 {A well-known way of activating the queen's rook
in the Ruy Lopez.} Kh8 15. axb5 axb5 {The critical moment of the game. Black
is better developed and has more space in the centre. However, his queenside
is weak, while the enemy knights display certain activity.} 16. d4 {Kamsky
correctly feels that he should not delay concrete action any more, because
this would allow Black consolidate his advantage of space.} exd4 $6 {After
this unpretentious move White's whole strategy will be crowned by success.} ({
The critical continuation was} 16... f5 17. Nc5 (17. Ng3 {offers White nothing
after} e4 18. Ng5 g6) 17... Bxc5 18. dxc5 e4 {for instance} 19. Nd4 Ne5 20. Ra7
{when Black's superiority in the centre is matched by White's counterplay on
the wings and the relative weakness of the dark squares.}) 17. cxd4 $14 f6 {
A necessary weakening move.} (17... Rfe8 18. Nfg5 $16 {/\Qh5}) 18. Nc3 $1 {
Curiously, Black will not be able to maintain his stability in the centre
after this move.} Ncb4 $6 (18... Nxc3 19. bxc3 $14) 19. Qe2 $1 {Winning a pawn.
} Bd6 20. Qxb5 Nxc3 21. Qxd7 Rxd7 22. bxc3 Nd3 23. Rd1 Nxc1 24. Raxc1 Bxf3 25.
gxf3 Bf4 26. Ra1 Rd6 27. c4 $16 {The presence of opposite coloured bishops
offers Black some chances of saving the game. However, the weakness of the
e6-square is more relevant than White's spoiled kingside structure.} Rb6 28.
Rd3 g6 29. c5 Rb5 30. Bc4 Rb4 31. Be6 Rd8 32. d5 Kg7 $6 33. d6 cxd6 $6 34. c6
$18 d5 35. Ra7+ Kh6 36. c7 1-0

[Event "Candidates sf"]
[Site "Elista"]
[Date "2007.05.31"]
[Round "1.4"]
[White "Bacrot, Etienne"]
[Black "Kamsky, Gata"]
[Result "0-1"]
[WhiteElo "2709"]
[BlackElo "2705"]
[Annotator "Marin,M"]
[PlyCount "78"]
[EventDate "2007.05.27"]
[EventType "k.o."]
[EventRounds "12"]
[EventCountry "RUS"]
[SourceTitle "CBM 119"]
[Source "ChessBase"]
[SourceDate "2007.08.01"]
[SourceVersion "1"]
[SourceVersionDate "2007.08.01"]
[SourceQuality "1"]

1. d4 Nf6 2. c4 e6 3. g3 Bb4+ 4. Bd2 Be7 5. Bg2 d5 6. Nf3 O-O 7. O-O c6 8. Bf4
Nbd7 9. Qc2 a5 10. Rd1 {Just as in the previous game, it might look like if
Kamsky is going to embark in the continuation of a relatively topical
theoretical dispute.} Ne4 $5 $146 {Instead, he produces a novelty! The idea of
transposing from the closed Catalan to the Stonewall Dutch is not new, of
course, but it never was carried out in this concrete position.} (10... Nh5 11.
Bc1 b5 {is Topalov's recent experiment.} 12. cxd5 cxd5 13. e4 dxe4 14. Qxe4 Rb8
15. Qe2 Nhf6 16. Bf4 Rb6 17. Ne5 Nd5 18. Bxd5 exd5 19. Nc3 Nxe5 $5 $146 ({
An improvement over} 19... Nf6 {as played in Kramnik - Topalov, WCh (m/9)
Elista 2006 (1-0, 24).}) 20. dxe5 d4 21. Be3 dxe3 22. Qxe3 ({In the notes to
the aforementioned game I gave} 22. Rxd8 exf2+ 23. Qxf2 Bxd8 {as the main line
after the sacrifice. Black's pair of bishops looks impressive, but White can
obtain a centralized position with some hypothetical chances of retaining an
advantage.}) 22... Bg5 $1 (22... Qc7 $2 23. Nd5) 23. Qc5 (23. f4 Bxf4 $1) 23...
Be7 $1 {and after} 24. Qe3 Bg5 25. Qc5 Be7 26. Qe3 {1/2-1/2 Radjabov,T (2729)
-Topalov,V (2783)/Wijk aan Zee 2007.}) 11. Nc3 $6 {This move has the
significant drawback that it places the knight too far from the critical
e5-square.} ({I would prefer} 11. Nbd2 {and if} f5 {then} 12. Ne5 Nxe5 13. Bxe5
Bd7 14. Nf3 $14 {followed by Ne1-d3. This would allow White keep a firm grip
on the position.}) 11... f5 12. Ne5 Nxe5 13. Bxe5 Nd6 $1 {Immediately forcing
White to clarify matters in the centre. If the white queen's knight had been
placed on virtually any other reasonable square than c3, White could have
maintained the tension with b3.} 14. Bxd6 $6 {The least appropriate reaction
to Black's last move. After this new exchange of minor pieces, Black will
enjoy high mobility between the opposite wings, despite his relative lack of
space. Bacrot probably wanted to refrain from releasing the tension, but he
will soon block the queenside position anyway.} ({The immediate} 14. c5 {
is playable, but should not offer White an advantage.} Nf7 15. Na4 Nxe5 16.
dxe5 Qe8 ({Black should not prevent White from consolidating his centre by
playing} 16... f4 $6 {himself, because he is not sufficiently well developed:}
17. Rd4 g5 18. Qc3 $14 {[%csl Ye5,Gg8]}) 17. f4 (17. Nb6 Ra6 {[%cal Ye7d8]})
17... Bd8 {followed by powerful kingside counterplay involving the advance of
the g- and h-pawns (after thorough concentration of pieces on that wing).}) (
14. cxd5 {looks to me like the most consistent continuation.} exd5 (14... cxd5
$6 {is hardly advisable because White's better development would offer him
chances to take over the control of the only open file.}) 15. Na4 {Once again,
the knight should be heading for d3.} Ne4 {. White has a choice between} 16. b3
{followed by Nb2-d3 and the immediate 16.Nc5 Nxc5 17.dxc5 with chances for
both sides.}) 14... Bxd6 15. e3 Rb8 {With the white knight far away from the
c6-square, Black feels like threatening to win space with ...b5, but I am not
sure of the viability of such a plan.} ({I believe that} 15... Bd7 {would have
been more constructive.}) 16. c5 $6 {This looks like a strategic surrender.} ({
It was still not too late to improve the position of the knight with} 16. Ne2 {
. In case of} b5 $6 17. cxd5 cxd5 18. Nf4 {the weakness of the c5-square might
have some relevance.}) 16... Bc7 17. f4 {White has blocked the position, but
this does not necessarily mean that the knight is stronger than any of the
enemy bishops. In fact, his own bishop is not too well placed, while Black has
at his disposal the standard attacking plan on the kingside. Black is not
worse.} Bd7 18. a3 Be8 19. b4 b5 $5 {This reaction to the queenside attack is
known from the third game of the match Zukertort-Steinitz.} 20. cxb6 Bxb6 21.
Na4 axb4 22. axb4 Rf7 23. Qc3 Rfb7 {Having concentrated big part of his forces
on the queenside, Black intends to maintain things under control for a while
on that side of the board.} 24. Bf1 g5 25. Ba6 Rg7 {This is a clear
manifestation of the high mobility of pieces, mentioned in a previous comment.}
26. Rd2 h5 27. Rg2 Bc7 28. Nc5 Qf6 29. Bf1 Bd6 {Black's position looks
promising, but White's next positional concession only makes things worse.} 30.
fxg5 $6 Rxg5 31. Ra7 e5 32. dxe5 $6 {Another unnecessary release of the
tension.} Bxe5 33. Qb3 h4 {White's position will soon fall apart.} 34. gxh4
Rxg2+ 35. Bxg2 Qxh4 36. Nd3 Bxh2+ 37. Kf1 Qc4 38. Qa3 Bg6 39. Bf3 f4 {For
Bacrot - a sad way to end a match in which he had been far from his best form.}
0-1

[Event "Candidates final"]
[Site "Elista"]
[Date "2007.05.06"]
[Round "2.1"]
[White "Kamsky, Gata"]
[Black "Gelfand, Boris"]
[Result "1/2-1/2"]
[WhiteElo "2705"]
[BlackElo "2733"]
[Annotator "Marin,M"]
[PlyCount "45"]
[EventDate "2007.06.06"]
[EventType "k.o."]
[EventRounds "6"]
[EventCountry "RUS"]
[SourceTitle "CBM 119"]
[Source "ChessBase"]
[SourceDate "2007.08.01"]
[SourceVersion "1"]
[SourceVersionDate "2007.08.01"]
[SourceQuality "1"]

1. e4 c5 2. Nf3 d6 3. d4 cxd4 4. Nxd4 Nf6 5. Nc3 a6 6. a4 Nc6 7. Be2 {A rather
modest variation from Black's point of view.} e5 $1 {The adequate reaction. In
the 6.Be2 e5 lines of the Najdorf, White refrains from playing a4 until Black
develops his queen's knight, in order to avoid making the b4-square available
for this piece. Here, he did it even before the typical Boleslavsky structure
has been created.} 8. Nb3 Be7 9. O-O O-O 10. Be3 Be6 {Black has easy play.} 11.
Bf3 {By exchanging these knights, Black opens the c-file for counterplay and
partially releases White's pressure against the queenside.} Na5 ({Maybe Kamsky
had prepared something against the more popular} 11... Nb4 {, when White can
maintain the tension with} 12. a5 {, although in practice he has not been too
successfull here either.}) 12. Nxa5 Qxa5 13. Qd2 Rfc8 {This is an adequate way
of parrying the threat 14.Nd5 followed by an intermediate capture on e7 with
check in case of 14...Qxd2??} (13... Kh8 {has the same purpose but is hardly
necessary at this stage of the game. However, Black had little trouble in
practice here, too.} 14. Rfd1 Rac8 15. h3 Rc4 (15... h6 16. Nd5 Qxd2 17. Rxd2
Bxd5 18. exd5 Nd7 19. Be2 Bg5 20. Bxg5 hxg5 21. a5 f5 {1/2-1/2 Timoscenko,
G-Rashkovsky,N/Kischniev 1975/EXT 2001}) 16. Nd5 Qxd2 17. Rxd2 Bxd5 (17... Nxd5
18. exd5 Bd7 19. a5 Rfc8 20. c3 h6 21. Be2 $14 {Milic,B-O'Kelly de Galway,A/
Beverwijk 1963/MCL (1/2-1/2, 43)}) 18. exd5 Ne4 19. Rdd1 (19. Re2 Ng5 $11) (19.
Bxe4 Rxe4 20. a5 f5 $132) 19... Nc5 $1 $11) 14. Rfd1 ({Black's previous move
required some accurate calculation. After} 14. Nd5 Qxd2 15. Nxe7+ Kf8 16. Bxd2
Rxc2 $1 17. Bc3 Kxe7 {the rook seems to be in danger, but in fact White cannot
trap it wothout making important positional concessions.} 18. h3 $5 {The most
consistent move.} (18. Rfe1 Bg4 {eliminates the danger for Black immediately.})
(18. Bd1 {allows} Rxc3 $1 19. bxc3 Nxe4 $17 {[%cal Ye4c5] with splendid
compensation for Black.}) 18... Bd7 $1 {[%csl Ge4][%cal Rd7c6]} 19. Rfe1 Bc6 {
[%cal Yb7b5]} 20. a5 (20. Bd1 Rxc3 21. bxc3 Nxe4 $17) 20... Rb8 {[%cal Yb7b5]
and so on.}) 14... Kf8 {This is a better preparation for the endgame than ...
Kh8.} 15. Qc1 $146 {A sophisticated (though probably over-the-board) novelty,
in Karpov's style, but without any concrete impact over Black's harmonious
position.} (15. h3 Rc4 16. Be2 Rc6 $11 {Klovan,Y-Khasin/Vladivostock 1978})
15... Rc4 16. Rd3 Rac8 17. Qd1 R4c6 18. Rd2 Rc4 ({The thematic sacrifice} 18...
Rxc3 $14 {is probably not entirely sound, because White has no weaknesses on
the kingside.}) 19. Rd3 (19. Nd5 Bxd5 20. exd5 Rxa4 $17) 19... R4c6 {For both
sides it is difficult to make further progress.} 20. h3 h6 21. Rd2 Rc4 22. Rd3
R4c6 23. Rd2 1/2-1/2